Создание и совершенствование технологии и средств комплексной механизации и автоматизации добычи угля гидравлическим способом: научные труды

Xehetasun bibliografikoak
Erakunde egilea: Всесоюзный научно-исследовательский и проектно-конструкторский институт добычи угля гидравлическим способом (ВНИИГидроуголь)
Beste egile batzuk: Болотов Р. П. (редактор)
Hizkuntza:errusiera
Argitaratua: Новокузнецк, Изд-во ВНИИгидроуголь, 1980
Gaiak:
Formatua: MixedMaterials Liburua
KOHA link:https://koha.lib.tpu.ru/cgi-bin/koha/opac-detail.pl?biblionumber=307867

MARC

LEADER 00000nam0a2200000 4500
001 307867
005 20231102002033.0
035 |a (RuTPU)RU\TPU\book\333174 
090 |a 307867 
100 |a 20151026d1980 k y0rusy50 ca 
101 0 |a rus 
102 |a RU 
105 |a a z 001zy 
200 1 |a Создание и совершенствование технологии и средств комплексной механизации и автоматизации добычи угля гидравлическим способом  |e научные труды  |f Всесоюзный научно-исследовательский и проектно-конструкторский институт добычи угля гидравлическим способом (ВНИИГидроуголь) ; под ред. Р. П. Болотова 
210 |a Новокузнецк  |c Изд-во ВНИИгидроуголь  |d 1980 
215 |a 200 с.  |c ил. 
320 |a Библиогр. в конце ст. 
606 1 |a Угледобыча  |x Гидромеханизация  |x Экономическая эффективность  |x Технико-экономические показатели  |x Технико-экономический анализ  |2 stltpush  |3 (RuTPU)RU\TPU\subj\62320  |9 79400 
610 1 |a комплексная механизация 
610 1 |a автоматизация 
610 1 |a добыча 
610 1 |a гидравлический способ 
610 1 |a угольные пласты 
610 1 |a горные выработки 
610 1 |a проходка 
610 1 |a крепление 
610 1 |a гидротранспорт 
610 1 |a подземный транспорт 
610 1 |a гидрошахты 
610 1 |a оборудование 
610 1 |a надежность 
610 1 |a ремонт 
610 1 |a обезвоживание 
610 1 |a обезвоживание 
610 1 |a экономическая эффективность 
675 |a 622.234.5  |v 4 
702 1 |a Болотов  |b Р. П.  |4 340 
712 0 2 |a Всесоюзный научно-исследовательский и проектно-конструкторский институт добычи угля гидравлическим способом (ВНИИГидроуголь)  |2 stltpush  |3 (RuTPU)RU\TPU\col\14682 
801 1 |a RU  |b 63413507  |c 20151026 
801 2 |a RU  |b 63413507  |c 20191025  |g RCR 
942 |c BK